000 00626nam a2200193Ia 4500
003 LDD
008 190117s9999 xx 000 0 und d
020 _a9789350641194
_c₹225
040 _cLDD
041 _ahi
082 _a8H3.7 शि492म
100 _aशिन, क्युंग- सुक
245 0 _aमाँ का ध्यान रखना
_cक्युंग- सुक शिन
260 _aनई दिल्ली
_bराजपाल
_c2013
300 _a223
901 _aAAKAR
904 _aReqst by : J. M. Parakh
942 _2ddc
_cH
999 _c171691
_d171691